000 01687nam a2200481 i 4500
001 2278
003 KOSZ 005
005 20210112115620.0
008 021007s1977 pl a |000 0 pol
015 _aUWD 1977/10863
035 _a991019557149705066
035 _a(PL-WaBN)b15300547-48omnis_nlop
035 _ab15300547
035 _a(OCoLC)823588853
035 _a(PL)b0000001530054
035 _a(EXLNZ-48OMNIS_NETWORK)9910264874905606
040 _aWA N
_cWA N
_dKOSZ 005/HR
041 1 _apol
_hrus
046 _k1973
080 _a666.9
080 _a691
100 1 _aRatinov, Viktor Borisovič
_eAutor
245 1 0 _aDodatki do betonu /
_cW. B. Ratinow, T. I. Rozenberg ; tł. [z ros.] Czesław Krepski ; w koment. [Dodatki chemiczne do betonu produkowane w Polsce] zaopatrzył Jarosław Młodecki.
246 1 _iTyt. oryg.:
_aDobavki v beton,
_f1973
260 _aWarszawa :
_b"Arkady",
_c1977.
300 _a159, [1] s. :
_bil., tab., wykr. ;
_c24 cm.
336 _aTekst
_btxt
_2rdacontent
337 _aBez urządzenia pośredniczącego
_bn
_2rdamedia
338 _aWolumin
_bnc
_2rdacarrier
380 _aKsiążki
388 _a1901--2000
388 _a1945-1989
504 _aBibliogr.
650 7 _aBeton
_2DBN
658 _aArchitektura i budownictwo
700 1 _aKrepski, Czesław
_eTłumaczenie
700 1 _aMłodecki, Jarosław
_eOpracowanie
700 1 _aRozenberg, Tat'âna Josifovna
_eAutor
710 2 _aWydawnictwo Arkady
_4pbl
856 _uhttp://koha.tu.koszalin.pl/cgi-bin/koha/opac-detail.pl?biblionumber=2278
_yKatalog online BPK
942 _2UKD
_cKS
999 _c2278
_d2278